000 00976nam a2200265 a 4500
001 25798
003 CO-ViMGA
008 141112s2004 ck r 000 u spa d
020 _a9789587583533
040 _aCO-ViMGA
_bspa
_cCO-ViMGA
041 _aSPA
082 0 4 _a303.62 C65
110 _aComisión Nacional de Reparación y Reconciliación (Colombia). Grupo de Memoria Histórica
_939962
245 1 0 _aLa huella invisible de la guerra :
_bdesplazamiento forzado en la Comuna 13 /
_cGrupo de Memoria Histórica
250 _a1a ed.
260 _aBogotá :
_bTaurus,
_c2011
300 _a331 p.
490 _aPensamiento
500 _aIncluye referencias bibliográficas
650 1 4 _aDESPLAZADOS POR LA VIOLENCIA - COMUNA 13 (MEDELLIN, COLOMBIA)
_939963
650 1 4 _aDESPLAZAMIENTO FORZADO - COLOMBIA
_939964
650 1 4 _aVICTIMAS DE LA VIOLENCIA - ANTIOQUIA (COLOMBIA)
_939965
650 1 4 _aVIOLENCIA - COMUNA 13 (MEDELLIN, COLOMBIA)
_939966
942 _2ddc
_cBK
999 _c5364
_d5364